000 01433pam a2200313 i 4500
999 _c5364
_d5364
001 019700160
003 Uk
005 20250909101141.0
008 191205s2020 enk j 000|1|eng|d
020 _a9781405297042 (pbk.)
040 _aStDuBDS
_beng
_cStDuBDS
_dUk
_dKH8
_erda
082 _aFIC MAF
100 1 _aMafi, Tahereh,
_eauthor.
245 1 0 _aImagine me /
_cTahereh Mafi.
264 1 _aLondon :
_bElectric Monkey,
_c2020.
300 _a449 pages ;
_c20 cm
336 _atext
_2rdacontent
337 _aunmediated
_2rdamedia
338 _avolume
_2rdacarrier
520 _aJuliette Ferrars. Ella Sommers. Which is the truth and which is the lie? Now that Ella knows who Juliette is and what she was created for, things have only become more complicated. As she struggles to understand the past that haunts her and looks to a future more uncertain than ever, the lines between right and wrong – between Ella and Juliette – blur. And with old enemies looming, her destiny may not be her own to control. The day of reckoning for the Reestablishment is coming. But will the choice of which side to fight on be hers?
530 _aAlso issued online.
600 1 0 _aFerrars, Juliette
_c(Fictitious character)
_vFiction.
650 _aRomance
_vfiction
650 _aParanormal
_vfiction
650 _aAdventure stories
_vfiction
655 0 _aFantasy fiction.
655 0 _aYoung adult fiction.
942 _2ddc
_cFIC